000 01220nam a22003737a 4500
001 BR9901576
003 BR-BrBNA
005 20230928100254.0
007 ta
008 230509b bl.||||| |||| 00| 0 por d
040 _aBR-BrBNA
_bpor
_cBiblioteca Nacional de Agricultura
041 _a(Por)
072 _aF08; P33
_b0120
_b0336
_b0150
_b1410
090 _ 0120 BR9901576
100 1 _aKluthcouski, J.
110 1 _aEscola Superior de Agricultura Luiz de Queiroz, Piracicaba, SP (Brasil)
_0Tese (Doutor em Agronomia)
245 1 _aEfeito de manejo em alguns atributos de um latossolo roxo sob cerrado e nas caracteristicas produtivas de milho, soja, arroz e feijao, apos oito anos de plantio direto
260 3 _aPiracicaba, SP (Brasil):
_c1998.
300 _a179 p.
500 _aSummaries (Eng, Por); Bibliography p. 120-160; 27 tables; 5 illus.
650 _aMilho
650 _aSoja
650 _aArroz
650 _afeijao
650 _aPlantio Direto
650 _aLatossolo Roxo
650 _aCerrado
650 _aAdubacao
650 _aManejo do Solo
650 _aPropriedade Fisico-Quimica
650 _aCompactacao do Solo
909 _a202309
_bLucia
_c55
_dLucia Elande
942 _cBK
999 _c60782
_d60782